000 00270nam a2200121Ia 4500
008 191201s2019 xx 000 0 und d
100 _aMAHADEVAN, B
245 0 _aOperations Management
260 _aN.Delhi
_bpearson
300 _a650
650 _aMBA
942 _2ddc
_cBK
999 _c5376
_d5376